书目信息 |
| 题名: |
Excel 2003在财会中的应用实务
|
|
| 作者: | 荣钦科级 著 ;杨志波 改编 | |
| 分册: | ||
| 出版信息: | 北京 电子工业出版社 2006.01 |
|
| 页数: | 448页 | |
| 开本: | 26cm | |
| 丛书名: | ||
| 单 册: | ||
| 中图分类: | F275 | |
| 科图分类: | ||
| 主题词: | Excel 2003电子表格系统--excel 2003 dian zi biao ge xi tong--财务管理--应用 | |
| 电子资源: | ||
| ISBN: | 7-121-01926-4 | |
| 000 | 01117nam0 2200325 450 | |
| 001 | 01XX03149976 | |
| 005 | 20070929093051.54 | |
| 010 | @a7-121-01926-4@dCNY39.80 (含光盘) | |
| 010 | @a7-89496-787-4@b光盘 | |
| 099 | @aCAL 012006016997 | |
| 100 | @a20060121d2006 y0chiy0121 ea | |
| 101 | 0 | @achi |
| 102 | @aCN@b110000 | |
| 105 | @aa z 000yy | |
| 200 | 1 | @aExcel 2003在财会中的应用实务@Aexcel 2003 zai cai hui zhong de ying yong shi wu@f荣钦科级著@Frong qin ke ji zhu@g杨志波改编 |
| 205 | @a第2版 | |
| 210 | @a北京@c电子工业出版社@d2006.01 | |
| 215 | @a448页@c图@d26cm@e光盘1片 | |
| 225 | 2 | @Azhi ye su juan ji hua |
| 330 | @a本书从财务会计的应用角度出发, 介绍了Excel在财务会分析方面独到的功能。从结构上说, 全书共分15章。 | |
| 410 | 0 | @12001 @Azhi ye su juan ji hua |
| 410 | 1 | @12001@a职业塑身计划 |
| 606 | 0 | @aExcel 2003电子表格系统@Aexcel 2003 dian zi biao ge xi tong@x财务管理@x应用 |
| 610 | 0 | @aExcel 2003 |
| 690 | @aF275@v4 | |
| 701 | 0 | @a荣钦科级@Arong qin ke ji@4著 |
| 702 | 0 | @a杨志波@Ayang zhi bo@4改编 |
| 801 | 0 | @c20070929 |
| 905 | @dF275@eR730 | |
| 906 | @dCNY39.80 (含光盘@n2@r1 | |
| Excel 2003在财会中的应用实务/荣钦科级著/杨志波改编.-第2版.-北京:电子工业出版社,2006.01 |
| 448页:图;26cm+光盘1片 |
| 、 |
| ISBN 7-121-01926-4:CNY39.80 (含光盘) |
| 本书从财务会计的应用角度出发, 介绍了Excel在财务会分析方面独到的功能。从结构上说, 全书共分15章。 |
| ● |
| 相关链接 |
|
|
|
正题名:Excel 2003在财会中的应用实务
索取号:F275/R730
 
预约/预借
| 序号 | 登录号 | 条形码 | 馆藏地/架位号 | 状态 | 备注 |
| 1 | 247672 | 202476720 | 社科库409/409社科库 95排1列4层/ [索取号:F275/R730] | 在馆 | |
| 2 | 247673 | 202476739 | 社科二线422/409社科库 95排1列4层/ [索取号:F275/R730] | 在馆 | |
| 3 | 450134 | 204501342 | 社科库409/409社科库 94排3列5层/ [索取号:F275/R730] | 在馆 | |
| 4 | 450135 | 204501351 | 社科库409/409社科库 94排3列5层/ [索取号:F275/R730] | 在馆 |